000 00630nam a2200169Ia 4500
008 220204s9999 xx 000 0 und d
082 _a577.1(06)
_bCHA
245 0 _aRapid mixing and sampling techniques in biochemistry
260 _aNew York
_bAcademic
_c1964
505 _aProceedings of the first international colloquium as rapid mixing and sampling techniques applicable to the study of biochemical reactions, Philadelphia, July 23 and 24, 1964
650 _aBiochemistry
650 _aRapid flow method
650 _aSampling techniques
650 _aTissue freeze quenching
700 _aCHANCE, Britton
942 _cBK
999 _c25879
_d25879